[Event "Agzamov Memorial 17th"]
[Site "Tashkent"]
[Date "2024.03.28"]
[Round "3"]
[White "Rasulov, Vugar Ural Oglu"]
[Black "Jain, Kashish Manoj"]
[Result "1-0"]
[WhiteElo "2550"]
[BlackElo "2305"]
[PlyCount "55"]
[EventDate "2024.03.27"]
[EventType "swiss"]
[EventRounds "10"]
[EventCountry "UZB"]
[SourceTitle "CB14_2024"]
[SourceDate "2024.04.01"]
[SourceVersion "1"]
[SourceVersionDate "2024.04.01"]
[SourceQuality "1"]

1. e4 c5 2. Nf3 d6 3. d4 cxd4 4. Nxd4 Nf6 5. Nc3 Nc6 6. Bg5 e6 7. Qd2 a6 8. Nxc6 bxc6 9. 0-0-0 Be7 10. h4 0-0 11. g4 Rb8 12. Bc4 Qb6 13. Bb3 Rd8 14. Be3 c5 15. f3 a5 16. h5 Ba6 17. g5 Nd7 18. g6 Qb7 19. h6 hxg6 20. hxg7 Kxg7 21. Bh6+ Kg8 22. Rdg1 c4 23. Bg7 Kxg7 24. Qh6+ Kf6 25. Qh4+ Kg7 26. Rxg6+ fxg6 27. Qxe7+ Kg8 28. Qh7+ 1-0

[Event "Bangalore op 1st"]
[Site "Bangalore"]
[Date "2024.01.21"]
[Round "5"]
[White "Jain, Kashish Manoj"]
[Black "Sammed Jaykumar, Shete"]
[Result "1/2-1/2"]
[WhiteElo "2334"]
[BlackElo "2441"]
[PlyCount "85"]
[EventDate "2024.01.18"]
[EventType "swiss"]
[EventRounds "10"]
[EventCountry "IND"]
[SourceTitle "CB05_2024"]
[SourceDate "2024.01.31"]
[SourceVersion "1"]
[SourceVersionDate "2024.01.31"]
[SourceQuality "1"]

1. e4 e5 2. Nf3 Nc6 3. Bb5 a6 4. Ba4 Nf6 5. d3 d6 6. c4 g6 7. Nc3 Bg7 8. h3 0-0 9. 0-0 Nd7 10. Bg5 f6 11. Be3 f5 12. Bg5 Bf6 13. Bxf6 Nxf6 14. Re1 fxe4 15. dxe4 Qe7 16. c5 Be6 17. Bb3 Kh8 18. Bxe6 Qxe6 19. Nd5 Rac8 20. Qb3 dxc5 21. Qxb7 Nd4 22. Ng5 Qd7 23. Qxa6 Ra8 24. Nxf6 Qe7 25. Qd3 Rxf6 26. Qg3 Nc2 27. Qc3 Nxe1 28. Rxe1 Rxa2 29. Nf3 Rf8 30. Rd1 Qf6 31. Qxc5 Rxb2 32. Qxc7 Rb3 33. Qc5 Re8 34. Qc2 Reb8 35. Rc1 Qf4 36. Rd1 R3b4 37. Re1 Rb2 38. Qd3 R8b3 39. Qd8+ Kg7 40. Qe7+ Kh6 41. Qxe5 Qxe5 42. Nxe5 Kg5 43. g3 1/2-1/2

[Event "Qatar Masters op"]
[Site "Doha"]
[Date "2023.10.11"]
[Round "1"]
[White "Jain, Kashish Manoj"]
[Black "Samadov, Read"]
[Result "1/2-1/2"]
[WhiteElo "2338"]
[BlackElo "2492"]
[PlyCount "51"]
[EventDate "2023.10.11"]
[EventType "swiss"]
[EventRounds "9"]
[EventCountry "QAT"]
[SourceTitle "Mega2024 Update 01"]
[Source "Chessbase"]
[SourceDate "2023.11.12"]
[SourceVersion "1"]
[SourceVersionDate "2023.11.12"]
[SourceQuality "1"]

1. e4 c5 2. Nf3 d6 3. d4 cxd4 4. Qxd4 Nf6 5. Nc3 Nc6 6. Bb5 Bd7 7. Bxc6 Bxc6 8. Bg5 e6 9. 0-0-0 Be7 10. Bxf6 Bxf6 11. Qxd6 Qb6 12. Qg3 Bxc3 13. bxc3 0-0 14. Rd4 f6 15. e5 Rac8 16. Rg4 Qc7 17. exf6 Qxg3 18. Rxg3 Rxf6 19. Rd1 Bxf3 20. gxf3 Rxc3 21. Rd8+ Rf8 22. Rd7 Rf7 23. Rd8+ Rf8 24. Rd7 Rf7 25. Rd8+ Rf8 26. Rd5 1/2-1/2

[Event "Titled Tuesday intern op 08th Aug Early"]
[Site "Chess.com INT"]
[Date "2023.08.08"]
[Round "5"]
[White "Jain, Kashish Manoj"]
[Black "Salinas Herrera, Pablo Patricio"]
[Result "1/2-1/2"]
[WhiteElo "2350"]
[BlackElo "2464"]
[PlyCount "85"]
[EventDate "2023.08.08"]
[EventType "swiss (blitz)"]
[EventRounds "11"]
[EventCountry "USA"]
[SourceTitle "EXT 2024"]
[Source "ChessBase"]
[SourceDate "2023.10.10"]
[SourceVersion "1"]
[SourceVersionDate "2023.10.10"]
[SourceQuality "1"]

1. e4 c5 2. Nf3 d6 3. d4 cxd4 4. Nxd4 Nf6 5. Nc3 a6 6. Be3 e6 7. Qf3 Nbd7 8. 0-0-0 Qc7 9. Qg3 b5 10. Bd3 Bb7 11. a3 Rc8 12. Kb1 Qb8 13. Bd2 Ne5 14. Rhe1 Be7 15. f4 Nxd3 16. cxd3 0-0 17. e5 dxe5 18. fxe5 Nd5 19. Nxd5 Bxd5 20. Bh6 g6 21. Bxf8 Bxf8 22. Rc1 Rd8 23. Nc6 Bxc6 24. Rxc6 b4 25. axb4 Qxb4 26. Rec1 Qb5 27. R1c3 Rb8 28. Qf2 Qxe5 29. Rc7 f5 30. Qh4 h6 31. Rc8 g5 32. Qh5 Rxc8 33. Qg6+ Kh8 34. Rxc8 Qe1+ 35. Rc1 Qe3 36. Qf7 Bg7 37. Rc8+ Kh7 38. Qg8+ Kg6 39. Qe8+ Kf6 40. Qd8+ Kg6 41. Qe8+ Kh7 42. Qg8+ Kg6 43. Qe8+ 1/2-1/2

[Event "Titled Tuesday intern op 01st Aug Early"]
[Site "Chess.com INT"]
[Date "2023.08.01"]
[Round "6"]
[White "Jain, Kashish Manoj"]
[Black "Bazilius, Augustinas"]
[Result "1-0"]
[WhiteElo "2350"]
[BlackElo "2052"]
[PlyCount "35"]
[EventDate "2023.08.01"]
[EventType "swiss (blitz)"]
[EventRounds "11"]
[EventCountry "USA"]
[SourceTitle "EXT 2024"]
[Source "ChessBase"]
[SourceDate "2023.10.10"]
[SourceVersion "1"]
[SourceVersionDate "2023.10.10"]
[SourceQuality "1"]

1. e4 c5 2. Nf3 a6 3. c4 e6 4. Nc3 Qc7 5. Be2 Nf6 6. 0-0 Be7 7. b3 0-0 8. Bb2 d6 9. Re1 Nc6 10. d4 cxd4 11. Nxd4 b6 12. Nxc6 Qxc6 13. e5 dxe5 14. Bf3 e4 15. Nxe4 Nd5 16. cxd5 exd5 17. Nc3 Be6 18. Nxd5 1-0

[Event "Titled Tuesday intern op 01st Aug Early"]
[Site "Chess.com INT"]
[Date "2023.08.01"]
[Round "3"]
[White "Jain, Kashish Manoj"]
[Black "Kovalenko, Igor"]
[Result "0-1"]
[WhiteElo "2350"]
[BlackElo "2674"]
[PlyCount "98"]
[EventDate "2023.08.01"]
[EventType "swiss (blitz)"]
[EventRounds "11"]
[EventCountry "USA"]
[SourceTitle "EXT 2024"]
[Source "ChessBase"]
[SourceDate "2023.10.10"]
[SourceVersion "1"]
[SourceVersionDate "2023.10.10"]
[SourceQuality "1"]

1. e4 Nf6 2. Nc3 Nc6 3. Nf3 d5 4. exd5 Nxd5 5. Bb5 e6 6. 0-0 Be7 7. Ne5 Bd7 8. Bxc6 Bxc6 9. Nxc6 bxc6 10. Ne4 0-0 11. Re1 Bd6 12. b3 Qh4 13. g3 Qh3 14. Bb2 h6 15. Qf3 Rae8 16. c4 Nb4 17. a3 Nc2 18. Qc3 e5 19. Qxc2 f5 20. Nxd6 cxd6 21. Qd3 f4 22. Qf1 Qg4 23. d3 h5 24. Re4 Re6 25. Rae1 c5 26. b4 Rc8 27. Qg2 Qf5 28. f3 Rg6 29. Kf1 Kh7 30. R1e2 a5 31. b5 a4 32. Rf2 Rf8 33. Qg1 Qh3+ 34. Ke2 fxg3 35. hxg3 Rxg3 36. Qh2 Qxh2 37. Rxh2 Rfxf3 38. Rxh5+ Kg6 39. Rh2 Rxd3 40. Rf2 Rb3 41. Bc1 Kh7 42. Bd2 Rxa3 43. Rf1 Rab3 44. Rh4+ Kg8 45. Rh2 a3 46. Ra1 Rg4 47. Kd1 Rxc4 48. Ra2 e4 49. Re2 d5 0-1

[Event "Titled Tuesday intern op 01st Aug Early"]
[Site "Chess.com INT"]
[Date "2023.08.01"]
[Round "7"]
[White "Kobo, Ori"]
[Black "Jain, Kashish Manoj"]
[Result "1-0"]
[WhiteElo "2555"]
[BlackElo "2350"]
[PlyCount "79"]
[EventDate "2023.08.01"]
[EventType "swiss (blitz)"]
[EventRounds "11"]
[EventCountry "USA"]
[SourceTitle "EXT 2024"]
[Source "ChessBase"]
[SourceDate "2023.10.10"]
[SourceVersion "1"]
[SourceVersionDate "2023.10.10"]
[SourceQuality "1"]

1. c4 Nf6 2. Nf3 g6 3. g3 Bg7 4. Bg2 0-0 5. Nc3 d6 6. d4 Nc6 7. 0-0 e5 8. h3 Re8 9. d5 Ne7 10. e4 Nd7 11. Be3 a5 12. Qc2 h6 13. Nh4 b6 14. a3 Ba6 15. b3 Rf8 16. Rae1 Kh7 17. Kh2 Qe8 18. f4 Kh8 19. Qc1 Ng8 20. Rf2 exf4 21. gxf4 Qe7 22. Nf3 Rae8 23. Nd4 Nc5 24. Qc2 Qd7 25. b4 axb4 26. axb4 Bxc4 27. bxc5 bxc5 28. Nc6 Ba6 29. e5 Bb7 30. Rb1 Bxc6 31. dxc6 Qc8 32. Nd5 Ne7 33. Nxe7 Rxe7 34. Qc4 Rfe8 35. Rfb2 dxe5 36. Bxc5 exf4 37. Rb8 Qf5 38. Bxe7 Kh7 39. Rxe8 f3 40. Rb5 1-0

[Event "Biel HTO 56th"]
[Site "Biel"]
[Date "2023.07.18"]
[Round "2"]
[White "Pranav, Anand"]
[Black "Jain, Kashish Manoj"]
[Result "1-0"]
[WhiteElo "2510"]
[BlackElo "2375"]
[PlyCount "91"]
[EventDate "2023.07.17"]
[EventType "swiss"]
[EventRounds "10"]
[EventCountry "SUI"]
[SourceTitle "CBM 215 Extra"]
[Source "ChessBase"]
[SourceDate "2023.09.30"]
[SourceVersion "1"]
[SourceVersionDate "2023.09.30"]
[SourceQuality "1"]

1. e4 c5 2. Nf3 d6 3. d4 cxd4 4. Nxd4 Nf6 5. Nc3 Nc6 6. Bg5 e6 7. Qd2 a6 8. 0-0-0 Bd7 9. Kb1 Be7 10. Nxc6 Bxc6 11. f3 0-0 12. h4 d5 13. e5 Nd7 14. f4 Nc5 15. Qe3 Qc7 16. Bd3 Nxd3 17. Qxd3 Bb4 18. Qg3 Rfc8 19. Bf6 Bf8 20. Rh3 Kh8 21. Qg5 gxf6 22. exf6 Bh6 23. Qxh6 Rg8 24. f5 e5 25. Nxd5 Bxd5 26. Rxd5 Rxg2 27. Qc1 Rag8 28. Re3 Qc4 29. Rexe5 Qxh4 30. a3 Qxf6 31. Qe3 R2g3 32. Qc5 Rg1+ 33. Ka2 R1g2 34. Rd6 Qg7 35. Re7 Rg5 36. Rxb7 Qf8 37. Qd4+ Qg7 38. Qd5 Rf8 39. Rxa6 h5 40. Rbb6 f6 41. Rb7 Qg8 42. Re6 h4 43. Rb4 Rh5 44. Qf3 Qh7 45. Re7 Qh6 46. Ree4 1-0

[Event "Titled Tuesday intern op 13th Jun Early"]
[Site "Chess.com INT"]
[Date "2023.06.13"]
[Round "3"]
[White "Jain, Kashish Manoj"]
[Black "Goncalves, Davi Sulzbacher"]
[Result "0-1"]
[WhiteElo "2375"]
[BlackElo "2282"]
[PlyCount "63"]
[EventDate "2023.06.13"]
[EventType "swiss (blitz)"]
[EventRounds "11"]
[EventCountry "USA"]
[SourceTitle "EXT 2024"]
[Source "ChessBase"]
[SourceDate "2023.10.10"]
[SourceVersion "1"]
[SourceVersionDate "2023.10.10"]
[SourceQuality "1"]

1. c4 e5 2. Nc3 Nc6 3. g3 g6 4. Bg2 Bg7 5. d3 Nge7 6. h4 h6 7. Rb1 0-0 8. Nf3 d6 9. h5 g5 10. b4 Be6 11. b5 Nd4 12. Nxd4 exd4 13. Ne4 c6 14. Bxg5 hxg5 15. h6 Be5 16. Qc1 Ng6 17. Nxg5 d5 18. h7+ Kh8 19. f4 Bd6 20. cxd5 Bxd5 21. Ne4 f5 22. Nxd6 Bxg2 23. Rg1 Qxd6 24. Rxg2 c5 25. Qb2 Rae8 26. Kd2 Qe6 27. Rbg1 b6 28. Rh1 Qd5 29. Rhh2 Re3 30. Kd1 Rfe8 31. Rh6 Qxg2 32. Rxg6 0-1

[Event "Titled Tuesday intern op 25th Apr Early"]
[Site "Chess.com INT"]
[Date "2023.04.25"]
[Round "3"]
[White "Jain, Kashish Manoj"]
[Black "Hoffmann, Asa"]
[Result "0-1"]
[WhiteElo "2375"]
[BlackElo "2185"]
[PlyCount "117"]
[EventDate "2023.04.25"]
[EventType "swiss (blitz)"]
[EventRounds "11"]
[EventCountry "USA"]
[SourceTitle "EXT 2024"]
[Source "ChessBase"]
[SourceDate "2023.10.10"]
[SourceVersion "1"]
[SourceVersionDate "2023.10.10"]
[SourceQuality "1"]

1. e4 d6 2. d4 Nf6 3. Nc3 c6 4. a4 Qa5 5. Bd3 e5 6. Nf3 Bg4 7. dxe5 dxe5 8. 0-0 Nbd7 9. h3 Bh5 10. Bd2 Bb4 11. Nb1 Bxd2 12. Nbxd2 0-0-0 13. Nc4 Qc7 14. Qe2 Nc5 15. Qe3 Nxd3 16. cxd3 Bxf3 17. Qxf3 Rd4 18. Rfc1 Rhd8 19. Ra3 Kb8 20. Qg3 Nh5 21. Qxe5 Nf4 22. Qxc7+ Kxc7 23. Rc2 Rxd3 24. Rxd3 Rxd3 25. Kh2 f6 26. g3 Ne6 27. Ne3 Nd4 28. Rc4 a5 29. Kg2 g6 30. Nd5+ Kd6 31. Nxf6 b5 32. axb5 cxb5 33. Rc8 Ne6 34. Nxh7 Rb3 35. e5+ Kxe5 36. Rc2 b4 37. Re2+ Kd6 38. Nf6 Nc5 39. Rc2 a4 40. Rd2+ Kc6 41. Nd5 a3 42. bxa3 bxa3 43. Ne7+ Kb5 44. Nxg6 Rb2 45. Rd1 a2 46. Ra1 Nb3 47. Rxa2 Rxa2 48. h4 Nd4 49. h5 Ra6 50. g4 Ne6 51. Kg3 Kc5 52. f4 Kd5 53. g5 Ke4 54. Kg4 Ra1 55. h6 Rg1+ 56. Kh3 Nxf4+ 57. Nxf4 Kxf4 58. Kh2 Rxg5 59. h7 0-1

[Event "Titled Tuesday intern op 25th Apr Early"]
[Site "Chess.com INT"]
[Date "2023.04.25"]
[Round "2"]
[White "Mitrabha, Guha"]
[Black "Jain, Kashish Manoj"]
[Result "1-0"]
[WhiteElo "2510"]
[BlackElo "2375"]
[PlyCount "105"]
[EventDate "2023.04.25"]
[EventType "swiss (blitz)"]
[EventRounds "11"]
[EventCountry "USA"]
[SourceTitle "EXT 2024"]
[Source "ChessBase"]
[SourceDate "2023.10.10"]
[SourceVersion "1"]
[SourceVersionDate "2023.10.10"]
[SourceQuality "1"]

1. Nf3 Nf6 2. c4 g6 3. g3 Bg7 4. Bg2 0-0 5. 0-0 d6 6. Nc3 Nc6 7. Rb1 a5 8. d4 Bf5 9. Ra1 Qc8 10. d5 Nb4 11. Nd4 Bh3 12. b3 Bxg2 13. Kxg2 e5 14. Ndb5 Na6 15. e4 Nd7 16. Be3 f5 17. f3 Nf6 18. Qd3 f4 19. Bf2 g5 20. g4 h5 21. h3 hxg4 22. hxg4 Nxg4 23. Rh1 Nxf2 24. Kxf2 Nc5 25. Qf1 Kf7 26. Qg2 g4 27. Qxg4 Qxg4 28. fxg4 Na6 29. Kf3 Kg6 30. Rh5 Rh8 31. Rah1 Rxh5 32. Rxh5 Rh8 33. Rxh8 Bxh8 34. a3 Bf6 35. Na2 Bd8 36. b4 axb4 37. axb4 Kf6 38. Nbc3 Ke7 39. g5 Kf7 40. Kg4 Kg6 41. Ne2 Bxg5 42. Nec1 Bd8 43. Nd3 Kf6 44. Nc3 c6 45. Kh5 Bb6 46. Kg4 Bd4 47. Ne2 Be3 48. Nc3 Bd2 49. dxc6 bxc6 50. b5 cxb5 51. Nd5+ Ke6 52. cxb5 Nb8 53. Nb2 1-0

[Event "Titled Tuesday intern op 11th Apr Early"]
[Site "Chess.com INT"]
[Date "2023.04.11"]
[Round "10"]
[White "Hambleton, Aman"]
[Black "Jain, Kashish Manoj"]
[Result "0-1"]
[WhiteElo "2420"]
[BlackElo "2375"]
[PlyCount "42"]
[EventDate "2023.04.11"]
[EventType "swiss (blitz)"]
[EventRounds "11"]
[EventCountry "USA"]
[SourceTitle "CBM 213 Extra"]
[Source "ChessBase"]
[SourceDate "2023.05.31"]
[SourceVersion "1"]
[SourceVersionDate "2023.05.31"]
[SourceQuality "1"]

1. d4 d5 2. Bf4 Nf6 3. e3 c5 4. c3 Nc6 5. Nd2 Bf5 6. Qb3 Qc8 7. dxc5 e5 8. Bg5 Be6 9. Bxf6 gxf6 10. e4 dxe4 11. Bc4 Bxc5 12. Nxe4 Be7 13. Bxe6 Qxe6 14. Qxb7 Rb8 15. Qa6 Rxb2 16. Nf3 0-0 17. 0-0 f5 18. Ng3 f4 19. Nf5 Bf6 20. N3h4 Rd8 21. Rae1 h5 0-1

[Event "Titled Tuesday intern op 11th Apr Early"]
[Site "Chess.com INT"]
[Date "2023.04.11"]
[Round "4"]
[White "Jain, Kashish Manoj"]
[Black "Makarian, Rudik"]
[Result "0-1"]
[WhiteElo "2375"]
[BlackElo "2547"]
[PlyCount "66"]
[EventDate "2023.04.11"]
[EventType "swiss (blitz)"]
[EventRounds "11"]
[EventCountry "USA"]
[SourceTitle "CBM 213 Extra"]
[Source "ChessBase"]
[SourceDate "2023.05.31"]
[SourceVersion "1"]
[SourceVersionDate "2023.05.31"]
[SourceQuality "1"]

1. e4 c5 2. Nf3 Nc6 3. Bb5 e6 4. Bxc6 bxc6 5. d3 Bd6 6. Nbd2 Ne7 7. b3 0-0 8. Bb2 f6 9. e5 fxe5 10. Nxe5 Bc7 11. Qe2 d6 12. Nef3 e5 13. 0-0-0 a5 14. a4 Nd5 15. Kb1 Nf4 16. Qf1 Bg4 17. h3 Bh5 18. Re1 Qd7 19. Ng5 h6 20. Nge4 Ne6 21. Ng3 Bg6 22. Nc4 Rab8 23. Ka2 Nd4 24. Bxd4 cxd4 25. Qe2 Rb4 26. h4 Rfb8 27. h5 Bf7 28. Qd2 c5 29. Nb2 Rxa4+ 30. Nxa4 Qxa4+ 31. Kb1 Bxb3 32. cxb3 Qxb3+ 33. Kc1 Qb1# 0-1